000 00617nam a2200241Ia 4500
003 OSt
005 20220924145556.0
006 a|||||r|||| 00| 0
007 ta
008 220923b |||||||| |||| 00| 0 per d
024 _a329349
037 _cTextual
040 _aARTS
_cARTS
_bper
041 _2per
_aper
082 _aQ7v45, 164A17
100 _aZaki Farjullah Au.
_9220064
245 0 _aKhatabat Hazrat Abdul Bahai
260 _c1817
650 _a ISLAM
_9577
650 _aIRAQ - HISTORY
942 _hQ7v45, 164A17
_cTEXL
_2CC
999 _c460499
_d460499